000 00701cam a22002177i 4500
999 _c58335
_d58335
001 18848366
005 20221110130657.0
008 151106t20162016ctua 001 0 eng d
020 _a9780300212365x
_q
041 _aeng
080 _a530.1 S-53
100 1 _aShankar, Ramamurt
_e
_912883
245 1 0 _aFundamentals of physics:
_cR. Shankar.
_bElectromagnetism, optics, and quantum mechanics. II, /
264 4 _c2016.
_aNew Haven :
_bYale University Press,
300 _axvi, 592 pages :
_billustrations ;
_c24 cm.
653 _aფიზიკა
653 _aФизика
653 _aელექტრომაგნეტიზმი
653 _aოპტიკა
942 _2udc
_cBK